000 00426nam a2200133 a 4500
008 120416s1977 ||||||||||||||||| || u
050 _aPR 6054.E475K5
100 _aDenis, Charlotte
245 1 0 _aKing's bastard
260 _aLondon
_bWingate
_c1977
300 _a176p.
350 _a0.00
995 _D0.00
_FCBU-MAIN LIBRARY (Kitwe)
_H1
_I3.25
_M1
_UAVAILABLE
_ZFiction Collection
999 _c48639
_d48639